书目信息 |
| 题名: |
特色小镇孵化器
|
|
| 作者: | 林峰 著 | |
| 分册: | ||
| 出版信息: | 北京 中国旅游出版社 2017 |
|
| 页数: | 264页 | |
| 开本: | 24cm | |
| 丛书名: | 绿维旅游开发运营系列丛书 | |
| 单 册: | ||
| 中图分类: | F592.7 | |
| 科图分类: | ||
| 主题词: | 城镇--地方旅游业--旅游业发展--研究--中国 | |
| 电子资源: | ||
| ISBN: | 978-7-5032-5746-9 | |
| 000 | 01381oam2 2200289 450 | |
| 001 | 012001003818 | |
| 005 | 20140926114739.0 | |
| 010 | @a978-7-5032-5746-9@dCNY46.80 | |
| 100 | @a20170328d2017 em y0chiy50 ea | |
| 101 | 0 | @achi |
| 102 | @aCN@b110000 | |
| 105 | @aa z 000yy | |
| 106 | @ar | |
| 200 | 1 | @a特色小镇孵化器@9te se xiao zhen fu hua qi@e特色小镇全产业链全程服务解决方案@dThe incubator of feature towns@zeng@f林峰著 |
| 210 | @a北京@c中国旅游出版社@d2017 | |
| 215 | @a264页@c图,照片@d24cm | |
| 225 | 1 | @a绿维旅游开发运营系列丛书 |
| 314 | @a林峰,男,经济学博士,资深规划设计与文旅产业运营专家、旅游投行领军人物,绿维文旅控股集团董事长、北京绿维创景规划设计院院长等。 | |
| 330 | @a本书结合绿维创景十年来的实践探索和部分研究成果,解读国家政策、剖析特色小镇产业结构、构建特色小镇运营模式、搭建特色小镇投融资模式、导入项目IP及产业资源等,设计了“特色小镇孵化器”的一揽子全产业链全程解决方案。旨在为中国特色小镇的创新发展和可持续发展起到积极的推动作用和借鉴参考。 | |
| 461 | 0 | @12001 @a绿维旅游开发运营系列丛书 |
| 510 | 1 | @aIncubator of feature towns@zeng |
| 517 | 1 | @a特色小镇全产业链全程服务解决方案@9te se xiao zhen quan chan ye lian quan cheng fu wu jie jue fang an |
| 606 | 0 | @a城镇@x地方旅游业@x旅游业发展@x研究@y中国 |
| 690 | @aF592.7@v5 | |
| 701 | 0 | @a林峰@9lin feng@4著 |
| 801 | 0 | @aCN@b上海新华@c20180901 |
| 905 | @b1154893-7@dF592.7@e555@f5 | |
| 特色小镇孵化器:特色小镇全产业链全程服务解决方案=The incubator of feature towns/林峰著.-北京:中国旅游出版社,2017 |
| 264页:图,照片;24cm.-(绿维旅游开发运营系列丛书) |
| ISBN 978-7-5032-5746-9:CNY46.80 |
| 本书结合绿维创景十年来的实践探索和部分研究成果,解读国家政策、剖析特色小镇产业结构、构建特色小镇运营模式、搭建特色小镇投融资模式、导入项目IP及产业资源等,设计了“特色小镇孵化器”的一揽子全产业链全程解决方案。旨在为中国特色小镇的创新发展和可持续发展起到积极的推动作用和借鉴参考。 |
| ● |
| 相关链接 |
|
|
|
|
正题名:特色小镇孵化器
索取号:F592.7/555
 
预约/预借
| 序号 | 登录号 | 条形码 | 馆藏地/架位号 | 状态 | 备注 |
| 1 | 1154893 | 211548930 | 第一样本阅览室/ [索取号:F592.7/555] | 在馆 | |
| 2 | 1154894 | 211548949 | 经管系资料室/ [索取号:F592.7/555] | 在馆 | |
| 3 | 1154895 | 211548958 | 第一借阅区/ [索取号:F592.7/555] | 在馆 | |
| 4 | 1154896 | 211548967 | 第一借阅区/ [索取号:F592.7/555] | 在馆 | |
| 5 | 1154897 | 211548976 | 第一借阅区/ [索取号:F592.7/555] | 在馆 |